| 000 | 00707nam a2200217Ia 4500 | ||
|---|---|---|---|
| 003 | GCL | ||
| 008 | 140319s9999 xx 000 0 ara d | ||
| 040 |
_aGCL / _cGCL |
||
| 082 | 0 | 4 |
_a547 _bب ك |
| 100 | 1 | _aباين، ستانلى هـ | |
| 245 | 1 | 0 |
_aالكيمياء العضوية ج1 / _cباين، ستانلى هـ |
| 700 | 1 | _aكرام, دونالد ج | |
| 700 | 1 | _aهندريكسون, جيمس ب. | |
| 700 | 1 | _aاحمدى عبدالعزيز ياسين | |
| 700 | 1 | _aمحمد ابراهيم على | |
| 260 |
_a[S.N] : _bالدار الدولية للنشر والتوزيع ، _c1992 |
||
| 300 | _a612 ص | ||
| 490 | _a | ||
| 650 | 0 | 4 | _aالكيمياء العضوية |
| 942 |
_2ddc _cBK |
||
| 999 |
_c53612 _d53612 |
||